000
00295 a2200133 4500
005
20250701103708.0
020
_a
978-2-218-92262-6
082
_a
445 HAT.
100
_a
HATIER.
245
_a
Bascherelle,
260
_a
Paris,
_b
Hatier,
_c
2006.
300
_a
167p.
_b
Index,
_c
18cm.
942
_2
ddc
_c
BKS
999
_c
6509
_d
6509